Február vskutku víťazný

Bibliographic Details
Main Author: Rosenbaum, Karol, 1920-2001 (Author)
Format: Article
Language:Slovak
PhysicalDescription:Obr. 15.
Subjects:

MARC

LEADER 00000nab a2200000 a 4500
001 vtls000312959
003 SK-MaSNL
005 20260302215512.0
008 111201c1978 xo 0 slo
015 |a SNBRB19rr/mm-uuuuu 
035 |a CL0003051 
040 |a SNKBUCL  |b slo  |c SNKBUCL  |e AACR2 
041 0 |a slo 
044 |a xo  |c SK 
080 |a 008  |2 1981 
100 1 |a Rosenbaum, Karol,  |d 1920-2001  |4 aut  |9 103255 
245 1 0 |a Február vskutku víťazný  |c Karol Rosenbaum 
300 |b Obr. 15. 
650 0 7 |a kultúra  |2 snkbucl  |9 886 
650 0 7 |a SSR  |2 snkbucl  |9 926679 
655 7 |a články z novín a časopisov  |2 snkbucl  |9 267496 
773 0 |t Slovensko  |g Roč. 2, č. 2 (1978), s. 11-15 
850 |a Slovenská národná knižnica v Martine  |a MTA001 
852 |a SNK  |b KIS3GCP 
958 |a RK 
992 |a RBX 
999 |c 1502667  |d 1504597